Давление сыпучего тела и расчет подпорных стенок

Detaylı Bibliyografya
Yazar: Прокофьев И. П.
Dil:Rusça
Baskı/Yayın Bilgisi: Москва, Стройиздат, 1947
Edisyon:5-е изд., перераб. и доп.
Konular:
Materyal Türü: Kitap
KOHA link:https://koha.lib.tpu.ru/cgi-bin/koha/opac-detail.pl?biblionumber=327003

MARC

LEADER 00000nam0a2200000 4500
001 327003
005 20231102003922.0
035 |a (RuTPU)RU\TPU\book\352663 
090 |a 327003 
100 |a 20170123d1947 m y0rusy50 ca 
101 0 |a rus 
102 |a RU 
105 |a a z 000zy 
200 1 |a Давление сыпучего тела и расчет подпорных стенок  |f И. П. Прокофьев 
205 |a 5-е изд., перераб. и доп. 
210 |a Москва  |c Стройиздат  |d 1947 
215 |a 143 с.  |c ил. 
606 1 |a Подпорные стенки  |2 stltpush  |3 (RuTPU)RU\TPU\subj\49692  |9 68456 
610 1 |a сыпучие среды 
610 1 |a сыпучие тела 
610 1 |a давление 
610 1 |a расчеты 
610 1 |a ограждающие стенки 
610 1 |a устойчивость 
610 1 |a прочность 
610 1 |a оседание 
675 |a 624.137.5  |v 4 
700 1 |a Прокофьев  |b И. П. 
801 1 |a RU  |b 63413507  |c 20170123 
801 2 |a RU  |b 63413507  |c 20170124  |g RCR 
942 |c BK